Dove sono nati gli atleti italiani con una medaglia olimpica - Statistics

Statistiche generali
  • Questo quiz è stato fatto 44 volte
  • Il punteggio medio è 70 su 433
Statistiche sulle risposte
N° Atleti Città % Corretto
1 Rho
97%
63 Roma
97%
68 Milano
94%
42 Napoli
94%
23 Torino
94%
30 Genova
83%
18 Bologna
81%
15 Brescia
81%
6 Palermo
78%
2 Trento
78%
5 Cagliari
75%
12 Catania
75%
25 Firenze
75%
16 Venezia
75%
4 Bari
72%
2 Bergamo
72%
16 Trieste
72%
2 Verona
72%
5 Vicenza
72%
1 Reggio Calabria
69%
5 Udine
69%
1 Ales
67%
1 Aosta
67%
4 Bolzano
67%
1 Reggio Emilia
67%
7 Alessandria
64%
2 Imperia
64%
2 Latina
64%
43 Livorno
64%
7 Messina
64%
17 Padova
64%
8 Pisa
64%
2 Pordenone
64%
4 Rimini
64%
4 Ancona
61%
2 Asti
61%
1 L'Aquila
61%
2 Parma
61%
14 Pavia
61%
3 Perugia
61%
2 Pescara
61%
4 Savona
61%
3 Varese
61%
1 Arezzo
58%
1 Belluno
58%
3 Cuneo
58%
1 Forlì
58%
4 Monza
58%
4 Piacenza
58%
1 Potenza
58%
5 Ravenna
58%
2 Salerno
58%
2 Siena
58%
2 Siracusa
58%
2 Campobasso
56%
5 Carrara
56%
1 Cosenza
56%
1 Grosseto
56%
4 La Spezia
56%
4 Lecco
56%
1 Massa
56%
1 Novara
56%
1 Nuoro
56%
2 Sassari
56%
9 Treviso
56%
1 Benevento
53%
1 Biella
53%
2 Chieti
53%
3 Como
53%
4 Cremona
53%
1 Lodi
53%
8 Modena
53%
1 Terni
53%
5 Vercelli
53%
1 Barletta
50%
3 Ferrara
50%
2 Foggia
50%
5 Gorizia
50%
3 Mantova
50%
2 Pesaro
47%
1 Caserta
44%
1 Lucca
44%
3 Oristano
44%
4 Pistoia
44%
4 Prato
44%
1 Trani
44%
1 Fermo
42%
3 Jesi
42%
1 Teramo
42%
1 Vibo Valentia
42%
1 Imola
39%
1 Sanremo
39%
3 Empoli
36%
4 Verbania
36%
2 Carpi
33%
1 Sassuolo
33%
3 San Benedetto del Tronto
31%
1 Sesto San Giovanni
31%
1 Viareggio
28%
2 Faenza
25%
1 Fano
25%
4 Castellammare di Stabia
22%
2 Cittadella
22%
1 Civitanova Marche
22%
2 Ortona
22%
2 Busto Arsizio
19%
1 Osimo
19%
2 Senigallia
19%
2 Voghera
19%
1 Ivrea
17%
1 Monopoli
17%
1 Nettuno
17%
1 Seregno
17%
1 Sestri Levante
17%
1 Torre Annunziata
17%
1 Vigevano
17%
1 Augusta
14%
1 Castelnuovo di Garfagnana
14%
3 Cecina
14%
2 Cinisello Balsamo
14%
7 Civitavecchia
14%
2 Frascati
14%
4 Gallarate
14%
2 Merano
14%
1 Pinerolo
14%
3 Pompei
14%
3 Rapallo
14%
2 Recco
14%
1 Rovereto
14%
3 Spoleto
14%
2 Abbiategrasso
11%
1 Battipaglia
11%
1 Casalecchio di Reno
11%
1 Casale Monferrato
11%
1 Chieri
11%
2 Desio
11%
1 Ferentino
11%
1 Foligno
11%
2 Formia
11%
2 Marcianise
11%
1 Marino
11%
2 Moncalieri
11%
2 Monfalcone
11%
1 Paola
11%
1 Treviglio
11%
2 Velletri
11%
1 Avola
8%
1 Bacoli
8%
2 Casalmaggiore
8%
1 Castel Gandolfo
8%
1 Cernusco sul Naviglio
8%
1 Cles
8%
2 Conegliano
8%
1 Erba
8%
1 Fabriano
8%
1 Fasano
8%
1 Fiesole
8%
1 Milazzo
8%
1 Montefiascone
8%
1 Portogruaro
8%
2 Rivoli
8%
2 Santa Margherita Ligure
8%
1 Scandicci
8%
1 Tarquinia
8%
1 Vipiteno
8%
7 Zara
8%
1 Bassano del Grappa
6%
1 Cairo Montenotte
6%
1 Camposampiero
6%
2 Capua
6%
1 Castelvetrano
6%
1 Cavriago
6%
2 Cento
6%
1 Città della Pieve
6%
1 Dolo
6%
1 El Paso
6%
3 Fiume
6%
1 Grado
6%
1 Grottaferrata
6%
1 L'Avana
6%
1 Madrid
6%
1 Mirandola
6%
4 Mirano
6%
1 Modica
6%
1 Monreale
6%
1 Priverno
6%
1 Santena
6%
1 Stezzano
6%
1 Suzzara
6%
2 Terracina
6%
2 Thiene
6%
1 Tolmezzo
6%
1 Tripoli
6%
1 Vienna
6%
1 Vimercate
6%
1 Altamura
3%
2 Argenta
3%
1 Arrone
3%
2 Bagnacavallo
3%
1 Barra
3%
1 Bentivoglio
3%
1 Canicattì
3%
1 Cantù
3%
6 Capodistria
3%
1 Casal di Principe
3%
1 Casarano
3%
2 Casoria
3%
1 Castel di Sangro
3%
1 Castelfranco Emilia
3%
1 Cervignano del Friuli
3%
1 Chiaravalle
3%
1 Chivasso
3%
1 Civita Castellana
3%
1 Finale Ligure
3%
3 Fucecchio
3%
1 Gessate
3%
1 Giussano
3%
1 Gragnano
3%
1 Lanuvio
3%
1 Lisbona
3%
1 Marigliano
3%
1 Marostica
3%
3 Melegnano
3%
1 Mosca
3%
1 Nerviano
3%
1 Orzinuovi
3%
1 Piano di Sorrento
3%
2 Pietrasanta
3%
1 Poggio Mirteto
3%
4 Pontedera
3%
1 Renate
3%
2 Rio de Janeiro
3%
2 Rovigno
3%
1 Ruvo di Puglia
3%
2 San Giovanni in Persiceto
3%
1 San Paolo
3%
1 Serravalle
3%
1 Solbad Hall
3%
1 Spalato
3%
1 Trecate
3%
2 Tunisi
3%
1 Zurigo
3%
1 Abbadia Lariana
0%
1 Aflou
0%
1 Akureyri
0%
1 Alano di Piave
0%
1 Albiano di Magra
0%
1 Albisola Superiore
0%
1 Altofonte
0%
1 Anzola dell'Emilia
0%
1 Archi
0%
1 Arquata Scrivia
0%
1 Badia Polesine
0%
1 Belgrado
0%
1 Borgo Ticino
0%
1 Bosco Chiesanuova
0%
1 Bosco di Nanto
0%
1 Boscotrecase
0%
1 Bozzolo
0%
1 Breslavia
0%
1 Bresso
0%
1 Brooklyn
0%
3 Budapest
0%
1 Buttapietra
0%
1 Camaguey
0%
1 Camburzano
0%
1 Campodolcino
0%
1 Caorso
0%
1 Capannori
0%
2 Caprino Veronese
0%
1 Carcare
0%
1 Caronno Pertusella
0%
1 Carrodano
0%
1 Casacalenda
0%
1 Cascina
0%
1 Cassano Magnago
0%
1 Cassina Savina
0%
1 Cassine
0%
1 Castelbello-Ciardes
0%
1 Castelceriolo
0%
1 Castel d'Ario
0%
1 Castel de' Britti
0%
1 Castelletto sopra Ticino
0%
1 Castelnovo di Sotto
0%
1 Castelnuovo Magra
0%
1 Castel San Giovanni
0%
1 Castel San Pietro Terme
0%
1 Castiglione delle Stiviere
0%
2 Cavallino-Treporti
0%
1 Cavezzo
0%
1 Celle Ligure
0%
1 Cesano Maderno
0%
1 Chiesina Uzzanese
0%
1 Chisinau
0%
1 Cincinnati
0%
1 Cino
0%
1 Cittiglio
0%
2 Cividale del Friuli
0%
1 Colico
0%
1 Contarina
0%
1 Cordoba
0%
1 Cortine di Nave
0%
1 Costermano
0%
1 Crespano
0%
1 Domaso
0%
1 Donada
0%
1 Dongo
0%
1 Dronero
0%
1 Figino Serenza
0%
1 Figline Valdarno
0%
1 Filandari
0%
1 Flero
0%
1 Formigara
0%
1 Foz do Iguacu
0%
1 Frugarolo
0%
1 Furnari
0%
1 Gagliano del Capo
0%
1 Gallio
0%
1 Garzeno
0%
1 Gavirate
0%
1 Genzano di Roma
0%
1 Gera Lario
0%
1 Goch
0%
1 Golese
0%
1 Gossolengo
0%
1 Grammichele
0%
2 Gravedona ed Uniti
0%
1 Gromo
0%
1 Grumo Appula
0%
1 Iasi
0%
1 Incisa in Val d'Arno
0%
1 Inverigo
0%
2 Isola della Scala
0%
5 Isola d'Istria
0%
1 Isola Vicentina
0%
1 Jolanda di Savoia
0%
1 Kulmbach
0%
1 La Seyne-sur-Mer
0%
1 Lierna
0%
1 Locri
0%
1 Lodetto
0%
2 Lodi Vecchio
0%
1 Longare
0%
1 Luc'k
0%
2 Lussino
0%
1 Magliano de' Marsi
0%
1 Mandelieu-la-Napoule
0%
5 Mandello del Lario
0%
1 Marcaria
0%
1 Mareno di Piave
0%
1 Mariano Comense
0%
1 Marmirolo
0%
1 Maserada sul Piave
0%
1 Matanzas
0%
1 Medolla
0%
2 Mesagne
0%
1 Metkovic
0%
1 Montegranaro
0%
1 Morazzone
0%
1 Mortegliano
0%
2 Mottola
0%
1 Muzzana del Turgnano
0%
1 Noale
0%
1 Orsenigo
0%
1 Orta San Giulio
0%
1 Paitone
0%
1 Perledo
0%
2 Pianello del Lario
0%
1 Pietole
0%
1 Pieve di Cento
0%
1 Piombino Dese
0%
1 Pirano
0%
1 Pontenure
0%
4 Ponte San Pietro
0%
1 Portacomaro
0%
1 Portomaggiore
0%
1 Port-Saint-Louis-du-Rhone
0%
2 Pozzomaggiore
0%
1 Pralormo
0%
1 Pressana
0%
1 Provaglio d'Iseo
0%
1 Quarrata
0%
1 Quarto dei Mille
0%
1 Riesi
0%
4 Rivarolo Ligure
0%
1 Rivoli Veronese
0%
1 Robbio
0%
1 Rosario
0%
2 Roverbella
0%
1 Sampierdarena
0%
1 San Lazzaro di Parma
0%
1 San Miniato
0%
1 San Pietro di Morubio
0%
1 Santa Caterina Villarmosa
0%
1 Santa Clara
0%
1 Santa Lucia di Piave
0%
1 Santarcangelo di Romagna
0%
1 Sant'Elpidio a Mare
0%
1 Sant'Eufemia della Fonte
0%
1 Santiago di Cuba
0%
1 Saronno
0%
1 Scarnafigi
0%
1 Sebenico
0%
1 Sedrina
0%
1 Serravalle Pistoiese
0%
1 Serravalle Scrivia
0%
1 Sestri Ponente
0%
1 Signa
0%
1 Slough
0%
1 Sori
0%
1 Sotto il Monte Giovanni XXIII
0%
1 Szentes
0%
1 Tavagnacco
0%
1 Teolo
0%
1 Terlizzi
0%
1 Tolone
0%
1 Tombolo
0%
1 Torre di Padova
0%
2 Torre Pellice
0%
1 Toscolano
0%
1 Traetto
0%
1 Trescore Balneario
0%
1 Trezzone
0%
1 Troyes
0%
1 Vallonara
0%
1 Veggiano
0%
1 Vertova
0%
1 Vescovana
0%
1 Vezzano Ligure
0%
1 Vicchio
0%
2 Villafranca di Verona
0%
2 Zagabria
0%
1 Zevio
0%
Nessun quiz corrispondente trovato
Distribuzione punteggi
Percentuale di utenti per punteggio
Percentile per numero di risposta
I tuoi punteggi nel tempo
Non hai fatto questo quiz